000 00772nam a2200193 i 4500
001 71581
003 ES-MaACL
005 20230906171153.0
007 t|
008 040812s1978 sp ||||1| spa d
245 0 0 _aGeographica de América
_b: el hombre y la tierra.
260 _a[Barcelona] :
_bPlaza & Janés,
_c[1978]
300 _a3 v. ;
_c25 cm.
505 8 _aContiene: T.i: América septentrional: Estados Unidos de América, Alaska. -- T.II: América septentrional: Canadá, México, América Central. -- T.III: América meridional
740 0 _aAmérica septentrional: Estados Unidos de América, Alaska.
740 0 _aAmérica septentrional: Canadá, México, América Central.
740 0 _aAmérica meridional.
852 _aES-MaACL
_jA-8395-97
_bR.97760
999 _c71581
_d71581